[Event "Shaoxing Hua Yi Rapid Cup 2nd"]
[Site "Shaoxing"]
[Date "2023.05.29"]
[Round "2.3"]
[White "Xu, Yinglun"]
[Black "Bu, Xiangzhi"]
[Result "1-0"]
[WhiteElo "2549"]
[BlackElo "2694"]
[PlyCount "99"]
[EventDate "2023.05.29"]
[EventType "k.o. (rapid)"]
[EventRounds "5"]
[EventCountry "CHN"]
[SourceTitle "CBM 214 Extra"]
[Source "ChessBase"]
[SourceDate "2023.07.31"]
[SourceVersion "1"]
[SourceVersionDate "2023.07.31"]
[SourceQuality "1"]

1. c4 e6 2. Nc3 d5 3. d4 Bb4 4. cxd5 exd5 5. Bf4 Nf6 6. e3 0-0 7. Bd3 c5 8. dxc5 Nbd7 9. Nge2 Nxc5 10. 0-0 Nxd3 11. Qxd3 Be6 12. Rfd1 Rc8 13. h3 h6 14. Be5 Nd7 15. Bxg7 Kxg7 16. Qd4+ Qf6 17. Qxb4 Rc4 18. Qd6 Rg8 19. Nf4 Kh8 20. Ncxd5 Qg5 21. Qe7 Qf5 22. Qh4 Qg5 23. Qxg5 Rxg5 24. Nc3 Nc5 25. Rd4 Rxd4 26. exd4 Na6 27. Re1 Nc7 28. Re5 Rxe5 29. dxe5 Kg7 30. f3 Bc4 31. Kf2 a5 32. a3 b5 33. Ke3 b4 34. axb4 axb4 35. Ne4 Kf8 36. Nd6 Bf1 37. g4 Kg7 38. h4 Na6 39. Kd4 b3 40. Nf5+ Kh7 41. Ne3 Bb5 42. Nfd5 Be2 43. f4 h5 44. g5 Kg7 45. f5 Kf8 46. Nf4 Bf3 47. e6 Nb4 48. exf7 Kxf7 49. Kc3 Nc6 50. Kxb3 1-0

[Event "Shaoxing Hua Yi Rapid Cup 2nd"]
[Site "Shaoxing"]
[Date "2023.05.29"]
[Round "2.5"]
[White "Xu, Yinglun"]
[Black "Bu, Xiangzhi"]
[Result "0-1"]
[WhiteElo "2549"]
[BlackElo "2694"]
[PlyCount "85"]
[EventDate "2023.05.29"]
[EventType "k.o. (rapid)"]
[EventRounds "5"]
[EventCountry "CHN"]
[SourceTitle "CBM 214 Extra"]
[Source "ChessBase"]
[SourceDate "2023.07.31"]
[SourceVersion "1"]
[SourceVersionDate "2023.07.31"]
[SourceQuality "1"]

1. c4 c6 2. Nf3 d5 3. e3 Nf6 4. Nc3 a6 5. d4 e6 6. Qc2 c5 7. cxd5 exd5 8. dxc5 Bxc5 9. Be2 0-0 10. 0-0 Nc6 11. Rd1 Ba7 12. a3 Be6 13. b4 Rc8 14. Bb2 Qe7 15. Rac1 Rfd8 16. b5 axb5 17. Nxb5 Nd4 18. Qd3 Bf5 19. Qd2 Nb3 20. Rxc8 Nxd2 21. Rxd8+ Qxd8 22. Nxd2 Bb8 23. h3 h6 24. Nf3 Ne4 25. Bd4 Qa5 26. Rc1 Bd7 27. Rb1 Qa4 28. Bd3 Bxb5 29. Bxb5 Qxa3 30. Bf1 Qe7 31. Bd3 Bd6 32. Rb5 Nc5 33. Bc2 Qc7 34. Rb1 Ne6 35. Bb3 Qc6 36. Ba1 Nc5 37. Nd4 Qd7 38. Bc2 Be5 39. Bf5 Qe7 40. Bc3 Ne4 41. Bb4 Qf6 42. Bxe4 dxe4 43. Bc5 0-1

[Event "Shaoxing Hua Yi Rapid Cup 2nd"]
[Site "Shaoxing"]
[Date "2023.05.29"]
[Round "1.1"]
[White "Xu, Yinglun"]
[Black "Zhu, Jiner"]
[Result "1-0"]
[WhiteElo "2549"]
[BlackElo "2507"]
[PlyCount "77"]
[EventDate "2023.05.29"]
[EventType "k.o. (rapid)"]
[EventRounds "5"]
[EventCountry "CHN"]
[SourceTitle "CBM 214 Extra"]
[Source "ChessBase"]
[SourceDate "2023.07.31"]
[SourceVersion "1"]
[SourceVersionDate "2023.07.31"]
[SourceQuality "1"]

1. Nf3 d5 2. d4 Nf6 3. c4 e6 4. Nc3 Bb4 5. Qa4+ Nc6 6. e3 0-0 7. Qc2 dxc4 8. Bxc4 Bd6 9. a3 e5 10. d5 Ne7 11. 0-0 a6 12. h3 h6 13. Rd1 Bd7 14. b4 Qc8 15. Bf1 Rd8 16. Bb2 c6 17. dxc6 Qxc6 18. Rac1 Bf5 19. Qe2 Qe8 20. g4 Be6 21. Bg2 Rac8 22. Nd2 Nc6 23. Nde4 Nxe4 24. Nxe4 Bf8 25. Ng3 Rxd1+ 26. Rxd1 f6 27. Be4 Rd8 28. Bb1 Rxd1+ 29. Qxd1 Qd7 30. Qc2 Kf7 31. Kh2 Ne7 32. Ne4 b6 33. Qe2 Bd5 34. Qxa6 Bxe4 35. Bxe4 Qd2 36. Qc4+ Ke8 37. Qc2 Qe1 38. Bc3 Qf1 39. Bd3 1-0

[Event "Shaoxing Hua Yi Rapid Cup 2nd"]
[Site "Shaoxing"]
[Date "2023.05.29"]
[Round "1.3"]
[White "Xu, Yinglun"]
[Black "Zhu, Jiner"]
[Result "0-1"]
[WhiteElo "2549"]
[BlackElo "2507"]
[PlyCount "94"]
[EventDate "2023.05.29"]
[EventType "k.o. (rapid)"]
[EventRounds "5"]
[EventCountry "CHN"]
[SourceTitle "CBM 214 Extra"]
[Source "ChessBase"]
[SourceDate "2023.07.31"]
[SourceVersion "1"]
[SourceVersionDate "2023.07.31"]
[SourceQuality "1"]

1. c4 Nf6 2. Nc3 e5 3. Nf3 Nc6 4. g3 d5 5. cxd5 Nxd5 6. Bg2 Nb6 7. 0-0 Be7 8. d3 0-0 9. a3 Be6 10. Be3 Nd5 11. Nxd5 Bxd5 12. Rc1 Re8 13. Qa4 a6 14. Rfe1 h6 15. Nd2 Bxg2 16. Kxg2 Nd4 17. Qc4 c5 18. Ne4 Rc8 19. Bd2 Bf8 20. Bc3 Qd7 21. e3 b5 22. Qa2 Ne6 23. Red1 f5 24. Nd2 Qxd3 25. Bxe5 Kh8 26. Nf3 Qe4 27. Qb1 c4 28. Bc3 Nc5 29. Rd4 Qe6 30. Rcd1 Ne4 31. Qc2 Be7 32. Rd5 Nxc3 33. Qxc3 Bf6 34. Qc2 Qe4 35. Qe2 c3 36. bxc3 Rxc3 37. R5d3 Rec8 38. Kg1 Rxd3 39. Rxd3 a5 40. Rd1 b4 41. axb4 axb4 42. Nd4 Bxd4 43. Rxd4 Rc1+ 44. Rd1 Qb1 45. Rxc1 Qxc1+ 46. Kg2 b3 47. Qb5 b2 0-1

[Event "Shaoxing Hua Yi Rapid Cup 2nd"]
[Site "Shaoxing"]
[Date "2023.05.29"]
[Round "1.5"]
[White "Xu, Yinglun"]
[Black "Zhu, Jiner"]
[Result "1-0"]
[WhiteElo "2549"]
[BlackElo "2507"]
[PlyCount "86"]
[EventDate "2023.05.29"]
[EventType "k.o. (rapid)"]
[EventRounds "5"]
[EventCountry "CHN"]
[SourceTitle "CBM 214 Extra"]
[Source "ChessBase"]
[SourceDate "2023.07.31"]
[SourceVersion "1"]
[SourceVersionDate "2023.07.31"]
[SourceQuality "1"]

1. Nf3 Nf6 2. c4 g6 3. Nc3 Bg7 4. e4 d6 5. d4 0-0 6. Be2 e5 7. 0-0 Nc6 8. d5 Ne7 9. Bg5 h6 10. Be3 Ng4 11. Bd2 f5 12. Nh4 Nf6 13. exf5 gxf5 14. g3 Qe8 15. f4 e4 16. Nb5 Qd8 17. Be3 a6 18. Nc3 Kh7 19. Rc1 c5 20. dxc6 bxc6 21. Qd2 Be6 22. Rfd1 d5 23. Bd4 dxc4 24. Ng2 Qa5 25. Nxe4 Qxd2 26. Nxd2 c3 27. Bxc3 Bxa2 28. Ra1 Bd5 29. Rxa6 Rxa6 30. Bxa6 Bxg2 31. Kxg2 Nfd5 32. Bxg7 Kxg7 33. Re1 Rb8 34. b3 Kf6 35. Bc4 Ra8 36. Re2 Ra1 37. Nf3 Rc1 38. Nd4 c5 39. Nf3 Rc3 40. Kf2 Kg7 41. Ne5 Kf6 42. Nd7+ Kg7 43. Nxc5 Rc1 1-0

[Event "CHN-chTB"]
[Site "Hefei"]
[Date "2023.04.19"]
[Round "4"]
[White "Yu, Ruiyuan1111"]
[Black "Xu, Yinglun"]
[Result "1/2-1/2"]
[WhiteElo "2493"]
[BlackElo "2558"]
[PlyCount "49"]
[EventDate "2023.04.17"]
[EventType "team-swiss"]
[EventRounds "9"]
[EventCountry "CHN"]
[SourceTitle "EXT 2024"]
[Source "ChessBase"]
[SourceDate "2023.10.10"]
[SourceVersion "1"]
[SourceVersionDate "2023.10.10"]
[SourceQuality "1"]
[WhiteTeam "Shenzhen Qiyu"]
[BlackTeam "Guangzhou Lingnan"]
[WhiteTeamCountry "CHN"]
[BlackTeamCountry "CHN"]

1. e4 c5 2. Nf3 d6 3. Bb5+ Bd7 4. Bxd7+ Nxd7 5. c4 e6 6. d4 cxd4 7. Nxd4 Rc8 8. b3 Ngf6 9. Nc3 Qa5 10. Bd2 Nxe4 11. Nxe4 Qe5 12. Qe2 Nc5 13. Nxd6+ Bxd6 14. Qxe5 Bxe5 15. Be3 Ne4 16. f3 Rd8 17. Rd1 Nc3 18. Rd2 Nxa2 19. Rxa2 Bxd4 20. Bxd4 Rxd4 21. Rxa7 Rd7 22. Ra8+ Rd8 23. Ra7 Rd7 24. Ra8+ Rd8 25. Ra7 1/2-1/2

[Event "CHN-chTB"]
[Site "Hefei"]
[Date "2023.04.17"]
[Round "2"]
[White "Ma, Ling"]
[Black "Xu, Yinglun"]
[Result "1/2-1/2"]
[WhiteElo "2200"]
[BlackElo "2558"]
[PlyCount "75"]
[EventDate "2023.04.17"]
[EventType "team-swiss"]
[EventRounds "9"]
[EventCountry "CHN"]
[SourceTitle "EXT 2024"]
[Source "ChessBase"]
[SourceDate "2023.10.10"]
[SourceVersion "1"]
[SourceVersionDate "2023.10.10"]
[SourceQuality "1"]
[WhiteTeam "Wuxi High Level"]
[BlackTeam "Guangzhou Lingnan"]
[WhiteTeamCountry "CHN"]
[BlackTeamCountry "CHN"]

1. d4 Nf6 2. c4 e6 3. Nc3 Bb4 4. Bd2 c5 5. a3 Bxc3 6. Bxc3 Ne4 7. Qc2 Nxc3 8. Qxc3 cxd4 9. Qxd4 0-0 10. Nf3 Nc6 11. Qd2 Na5 12. Qc3 b6 13. b4 Nc6 14. e3 Bb7 15. Be2 Rc8 16. 0-0 Ne7 17. Rfd1 Rc7 18. Nd4 a6 19. Nf3 Qb8 20. Qd4 Bxf3 21. Bxf3 Rd8 22. Rac1 d6 23. Qd3 Qc8 24. Rc2 h6 25. h3 Ng6 26. Qb3 Ne5 27. Be2 d5 28. Rdc1 d4 29. exd4 Nc6 30. Qe3 Nxd4 31. Rd2 e5 32. Bg4 f5 33. Qxe5 Rxc4 34. Rcd1 fxg4 35. Rxd4 Rcxd4 36. Rxd4 Rxd4 37. Qxd4 gxh3 38. Qxb6 1/2-1/2

[Event "Chessable Masters Play In"]
[Site "Chess.com INT"]
[Date "2023.03.13"]
[Round "7"]
[White "Xu, Yinglun"]
[Black "Drozdowski, Kacper"]
[Result "1/2-1/2"]
[WhiteElo "2558"]
[BlackElo "2448"]
[PlyCount "121"]
[EventDate "2023.03.13"]
[EventType "swiss (rapid)"]
[EventRounds "9"]
[EventCountry "USA"]
[SourceTitle "CBM 213 Extra"]
[Source "ChessBase"]
[SourceDate "2023.05.31"]
[SourceVersion "1"]
[SourceVersionDate "2023.05.31"]
[SourceQuality "1"]

1. d4 d5 2. c4 c6 3. cxd5 cxd5 4. Nc3 Nc6 5. Bf4 Nf6 6. e3 a6 7. Be2 Bf5 8. Nf3 Rc8 9. 0-0 e6 10. Qb3 Bb4 11. Ne5 Qe7 12. Rfc1 0-0 13. Na4 Nxe5 14. Bxe5 Ne4 15. Nb6 Rxc1+ 16. Rxc1 Bd2 17. Rc7 Qh4 18. Bg3 Nxg3 19. hxg3 Qe4 20. Qd1 Bxe3 21. fxe3 Qxe3+ 22. Kh2 Qh6+ 23. Kg1 Qe3+ 24. Kf1 Qxg3 25. Rxb7 Qf4+ 26. Bf3 g5 27. Kf2 g4 28. g3 Qxf3+ 29. Qxf3 gxf3 30. Kxf3 Kg7 31. Kf4 h6 32. a4 Bd3 33. b4 Rh8 34. Nd7 Rc8 35. Nc5 Bf5 36. g4 Bc2 37. Nxe6+ Kg6 38. Nc5 Re8 39. Rb6+ f6 40. Rxa6 Re1 41. Nd7 Re4+ 42. Kg3 Rxd4 43. Nxf6 Kf7 44. Rb6 Bxa4 45. Nh5 Bd1 46. Nf4 Rd2 47. Rxh6 d4 48. Rd6 Ke7 49. Rd5 Bb3 50. Re5+ Kd6 51. Re8 Rd1 52. Kf2 Rd2+ 53. Kg3 Rd1 54. b5 Kc5 55. Rd8 Kxb5 56. g5 Rg1+ 57. Kf2 Rxg5 58. Rxd4 Bc4 59. Ne2 Rf5+ 60. Rf4 Rxf4+ 61. Nxf4 1/2-1/2